| 000 | 01364nam a2200325 a 4500 | ||
|---|---|---|---|
| 001 | 000028190 | ||
| 005 | 20240520121857.0 | ||
| 008 | 110407d2010 dr 001 0 spa d | ||
| 020 | _a9789993425922 | ||
| 040 |
_aDO-SdBNP _bspa _cBNPHU |
||
| 082 |
_a302.14 _bM385p |
||
| 100 | 1 |
_aMartínez Cruz, Radamés _955188 |
|
| 245 | 1 | 0 |
_aPrograma nacional de capacitación en sitio de organizaciones de la sociedad civil / _cRadamés Martínez Cruz; presentación Rafael Toribio,. |
| 260 |
_aSanto Domingo : _bInstituto Tecnológico de Santo Domingo, _c2010. |
||
| 300 |
_a95 p. ; _c28 cm. |
||
| 490 | 1 | _aSociedad Civil ; | |
| 490 | 1 |
_aDocumentos de trabajo ; _v17 |
|
| 504 | _aIncluye bibliografía y notas al pie de páginas. | ||
| 504 | _aBibliografía : p. 73-83. | ||
| 590 | _aInv2018/BT | ||
| 650 | 4 |
_aSociedad civil _zRepública Dominicana _914011 |
|
| 650 | 4 |
_aEducación política _zRepública Dominicana _955189 |
|
| 650 | 4 |
_aParticipación social _zRepública Dominicana _910160 |
|
| 650 | 4 |
_aLiderazg0 _xEnseñanza _zRepública Dominicana _955190 |
|
| 650 | 0 |
_aOrganizaciones no-gubernamentales _955191 |
|
| 710 | 1 |
_aPrograma de Fortalecimiento de Organizaciones de la Sociedad Civil (República Dominicana) _955192 |
|
| 830 | 0 |
_aSociedad Civil ; _914016 |
|
| 830 | 0 |
_aDocumentos de trabajo ; _n17 _955193 |
|
| 910 | _aValidado. Control de calidad. EMS | ||
| 999 |
_c27682 _d27682 |
||